000
00298nam a2200121Ia 4500
008
190216s9999||||xx |||||||||||||| ||und||
100
_a
Gel`Fond A O
245
0
_a
Calculus Of Finite Differences
260
_b
Hindustan Publishing Co
_c
1971
300
_a
451p
650
_a
Mathematics
942
_c
BK
999
_c
30533
_d
30533